LEADER 01028nam a2200253 i 4500 001 000000071580 003 CaOOAMICUS 005 20181022145104.0 008 081210s1970 it u000 u ita u 013 $a42752 040 $aSeMil$bita 100 1 $aLukács, György,$d<1885-1971>.$0(OLS)http://semarc/name/6691 245 10$a1 /$cGyörgy Lukács ; traduzione di Anna Marietti Solmi. 260 $aTorino :$bEinaudi,$c1970. 300 $aXXXIII, 812 p. ;$c22 cm. 490 0 $aBiblioteca di Cultura Filosofica [Einaudi] ;$v33.1 700 1 $aMarietti Solmi, Anna.$0(OLS)http://semarc/name/16848 773 0 $aLukács, György <1885-1971>$tEstetica.$dTorino : Einaudi $w()20468 830 0$aBiblioteca di cultura filosofica ;$v33.1.$0(OLS)http://semarc/title/419384 850 $aSeMil 852 $aSeMil$W1$xVenegono$y1$m2P IV 291$j37733$B37733$CSeMilBibl$Z2$F37736 $81 996 $6245$a1$9(OLS)http://semarc/title/46247 996 $6260$aTorino :$bEinaudi$9(OLS)http://semarc/publisher/29884 LEADER 01341nam a2200301 i 4500 001 000000121762 003 CaOOAMICUS 005 20190418161227.0 008 040112s1977 it u000 u ita u 013 $a94457 040 $aSeMil$bita 100 1 $aBadaloni, Nicola <1924-2005>.$0(OLS)http://semarc/name/6482 245 10$aLabriola, Croce, Gentile /$cdi Nicola Badaloni e Carlo Muscetta. 260 $aRoma ; Bari :$bLaterza & Figli,$c1977. 300 $a141 p. ;$c22 cm. 490 0 $aLIL : Letteratura italiana Laterza ;$v62 500 $aContiene : Bibliografia ; Tavola delle abbreviazioni. 600 14$aCroce, Benedetto <1866-1952>.$0(OLS)http://semarc/subject/6062 600 14$aGentile, Giovanni <1875-1944>.$0(OLS)http://semarc/subject/25 650 4$aLabriola, Antonio.$0(OLS)http://semarc/subject/23061 700 1 $aMuscetta, Carlo,$d<1912-2004>.$0(OLS)http://semarc/name/4700 830 0$aLIL : Letteratura italiana Laterza ;$v62.$0(OLS)http://semarc/title/407841 850 $aSeMil 852 $aSeMil$W1$xVenegono$y1$m1O IV 229$j213430$B76818$CSeMilBibl$Z2$F78319 $81 961 $aRecupero: Biblioteca Seminario Liceale 996 $6245$aLabriola, Croce, Gentile$9(OLS)http://semarc/title/179326 996 $6260$aRoma ; Bari :$bLaterza & Figli$9(OLS)http://semarc/publisher/29696